00974nam a2200253 a 4500001001000000003000500010005001700015008004100032010001100073011001100084040000900095100003900104245013600143260004100279500006000320502010300380650003500483650003600518650003400554650003200588650001500620856001500635856007000650000115151CHAP20220329144519.0181030s2018 mx a sm |||||||spa d a111612 a112584 cCHAP1 aAyvar Vargas, María del Rocío.10aSeguro Agrícola para pequeños productores de maíz del Estado de Puebla /h[En línea]cpor María del Rocío Ayvar Vargas. aChapingo, Méx. :bEl autor,c2018. aPara ver el contenido del material haga clic en la liga aTesis (Ph.D. en Economía Agrícola) -- UACH. División de Ciencias Económico-Administrativas14aPolítica agrícolaxPuebla.14aPolítica económicaxPuebla.14aSeguros agrícolaxMéxico.14aSeguros agrícolasxLeyes.14aSubsidios. a1n0000677 aFinding aiduhttp://10.13.5.2/tesis/sist115151.pdfzTeclea aquí